Ideari de Ferran Valls i Taberner / (Record no. 149890)

MARC details
000 -LEADER
campo de control de longitud fija 00691nam a2200205 i 4500
001 - NÚMERO DE CONTROL
campo de control 149890
003 - IDENTIFICADOR DE NÚMERO DE CONTROL
campo de control ES-MaACL
005 - FECHA Y HORA DE LA ÚLTIMA TRANSACCIÓN
campo de control 20230906203311.0
007 - CAMPO FIJO DE DESCRIPCIÓN FÍSICA--INFORMACIÓN GENERAL
campo de control de longitud fija t|
008 - DATOS DE LONGITUD FIJA--INFORMACIÓN GENERAL
campo de control de longitud fija 071024s1973 sp ||||1| cat d
100 1# - ENTRADA PRINCIPAL--NOMBRE DE PERSONA
Nombre de persona Valls i Taberner, Ferran.
9 (RLIN) 112942
245 10 - MENCIÓN DEL TÍTULO
Título Ideari de Ferran Valls i Taberner /
Mención de responsabilidad, etc. recopilació i próleg d'Antoni Alvarez-Solís ; nota introductoría de Antoni Jutglar.
260 ## - PUBLICACIÓN, DISTRIBUCIÓN, ETC.
Lugar de publicación, distribución, etc. Barceona :
Nombre del editor, distribuidor, etc. Dopesa,
Fecha de publicación, distribución, etc. [1973]
300 ## - DESCRIPCIÓN FÍSICA
Extensión 152 p. ;
Dimensiones 20 cm.
650 14 - PUNTO DE ACCESO ADICIONAL DE MATERIA--TÉRMINO DE MATERIA
Término de materia o nombre geográfico como elemento de entrada Regionalismo-
Subdivisión geográfica Cataluña.
9 (RLIN) 16747
651 #4 - PUNTO DE ACCESO ADICIONAL DE MATERIA--NOMBRE GEOGRÁFICO
Nombre geográfico Cataluña-
Subdivisión general Historia.
9 (RLIN) 8013
700 1# - ENTRADA AGREGADA--NOMBRE PERSONAL
Nombre de persona Alvarez Solís, Antonio.
9 (RLIN) 20972
700 1# - ENTRADA AGREGADA--NOMBRE PERSONAL
Nombre de persona Jutglar, Antoni.
9 (RLIN) 67368
852 ## - LOCALIZACIÓN
Ubicación ES-MaACL
Número de control de estantería C-52564
Sublocalización o colección R.85675
Holdings
Estatus retirado Estado de pérdida Estado de daño No para préstamo Biblioteca de origen Biblioteca actual Ubicación en estantería Fecha de adquisición Fuente de adquisición Total de préstamos Signatura topográfica completa Código de barras Visto por última vez Precio de reemplazo Tipo de ítem Koha
        Biblioteca del Ateneo de Madrid Biblioteca del Ateneo de Madrid Depósito 2 17/01/2008     C-52564 1156410 23/02/2023 23/02/2023 Libro impreso